| 000 | 01770cam a22004574i 4500 | ||
|---|---|---|---|
| 003 | PE-LiUPU | ||
| 005 | 20250731173442.0 | ||
| 008 | 150616s1968 r 000 0 d | ||
| 035 | _a(Sirsi) a5747 | ||
| 040 |
_aPE-LiUPU _bspa _cPE-LiUPU _erda |
||
| 049 | _aPRUA | ||
| 082 | 0 | 4 |
_a220.7 _bICC _221 |
| 100 | 1 |
_aSanday, William, _eautor. |
|
| 245 | 1 | 2 |
_aA critical and exegetical commentary on the epistle to the Romans. _n45 / _cWilliam Sanday. |
| 264 | 1 |
_aGran Bretaña : _bT. & T. Clark, Edinburgh, _c1968. |
|
| 300 |
_a450 páginas ; _c21 cm. |
||
| 336 |
_atext _2rdacontent |
||
| 337 |
_aunmediated _2rdamedia |
||
| 338 |
_avolume _2rdacarrier |
||
| 490 | 0 | _aThe International Critical Commentary | |
| 505 | 0 | _aHistory of the Interpretation of the Pauline doctrine.- The Inward Conflict.- The person and Work of the Holy Spirit.- The Privileges of Israel.- The Doctrine of the Remnant.- The Merits of the Fathers.- Spiritual Gifts.- The Christian Teaching on Love.- Aquila And Priscilla. | |
| 526 | _aSEG42 | ||
| 526 | _aSEG41 | ||
| 526 | _aSEG40 | ||
| 526 | _aSEG39 | ||
| 526 | _aP94 | ||
| 526 | _aP87 | ||
| 526 | _aP86 | ||
| 526 | _aP85 | ||
| 526 | _aP77 | ||
| 526 | _aP76 | ||
| 526 | _aP35 | ||
| 630 |
_aBiblia. _pN.T. _pRomanos _xComentarios. |
||
| 910 |
_ajck _bjvq _cjck |
||
| 942 |
_2ddc _cBOOK |
||
| 949 |
_a220.7 ICC 45 _wDEWEY _c1 _i39306 _lCCODEBUL1 _mBUL _p00.00 _r0 _sY _tBOOK _u19951004 _xTEOLOGIA _zUNKNOWN _0COMPRA _o.STAFF. Colección General |
||
| 994 |
_aC0 _bPEPRU |
||
| 596 | _a1 | ||
| 999 |
_a220.7 ICC 45 _wDEWEY _c56809 _i39306 _d56809 _f2021-11-9 _g5 _lCCODEBUL1 _mBUL _q3 _r0 _sY _tBOOK _u2015-6-16 _xTEOLOGIA _zUNKNOWN _0COMPRA _o.STAFF. Colección General |
||
| 980 |
_81 _gALBERTO SANCHEZ Responsable de Automatización |
||